A-Z Hearts2Hearts songs - Statistics

General Stats
  • This quiz has been taken 36 times
  • The average score is 2 of 6
Answer Stats
Hint Answer % Correct
A Apple Pie
92%
S STYLE
42%
T The Chase
42%
P Pretty Please
38%
B Butterflies, Blue Moon
4%
F FOCUS, Flutter
4%
No matching quizzes found
Score Distribution
Percent of People with Each Score
Percentile by Number Answered
Your Score History
You have not taken this quiz